000 00615nam a2200193Ia 4500
005 20250508164908.0
008 008 250505s9999 xx 000 0 eng d
037 _aDissertations
040 _aFEDL
_beng
_cFEDL
041 _aeng
_2eng
084 _a330.7, GUP/DI
_qFEDL
100 _aGupta Sushmita
_9779459
245 0 _aComparative study of the effectiveness of interactive learning and lecture method in the teaching of Indian economy
260 _c2001
300 _a103p.
546 _aM.Ed. Dissertation (Delhi University)
942 _cDIS
_h330.7, GUP/DI
999 _c1391859
_d1391859